00672nam a2200229Ia 450000500170000000800410001702000100005804000190006804100120008708200160009910000180011524500630013326000260019630000120022250400400023465000180027465100200029285000100031294200070032299900160032995200970034520230103132714.0131103s9999 xx 000 0 und d cRs. 2 aLoreto College aEnglish a822.09bMUL aMullik, B. R. aLiterary essaysb modern literature (drama) cB. R. Mullik aDelhibS. Chandc1959 a104 p.  aIncludes bibliographical references aEnglish Drama aDrama Criticism aLCLIB cBK c6720d57199 00102ddc4070aMAINbMAINd2013-11-04l0o822.09 MUL pB6589r2013-11-04w2013-11-04yBKf